000 00950cam a22002054a 4500
005 20250605163555.0
008 250528s ||||||||||||||||||||||||d
035 _a22031
020 _a9789607860668
040 _aGR-AtMCL
_bgre
_dGR-AtMCL
_eAACR2
245 1 _aΕΠΙΧΕΙΡΗΣΙΑΚΗ ΕΡΕΥΝΑ / Εφαρμογές στη σημερινή επιχείρηση
250 _a2
260 _bΕκδόσεις Προπομπος,
_c2008
300 _a512
520 _aΕΠΙΧΕΙΡΗΣΙΑΚΗ ΕΡΕΥΝΑ ΛΗΨΗ ΑΠΟΦΑΣΕΩΝ ΓΡΑΜΜΙΚΟΣ ΠΡΟΓΡΑΜΜΑΤΙΣΜΟΣ ΜΕΘΟΔΟΣ SIMPLEX ΠΡΟΒΛΗΜΑΤΑ ΑΝΑΘΕΣΕΩΝ ΠΡΟΒΛΗΜΑΤΑ ΜΕΤΑΦΟΡΑΣ ΔΙΚΤΥΩΤΗ ΑΝΑΛΥΣΗ ΔΥΝΑΜΙΚΟΣ ΠΡΟΓΡΑΜΜΑΤΙΣΜΟΣ ΘΕΩΡΙΑ ΑΠΟΦΑΣΕΩΝ ΠΡΟΣΟΜΟΙΩΣΗ
700 1 _aΥψηλαντης Παντελης
942 _cBK
999 _c7087
_d7087